| 000 | 00445nam a2200157 4500 | ||
|---|---|---|---|
| 001 | 137971 | ||
| 003 | ES-MaACL | ||
| 005 | 20230906195458.0 | ||
| 007 | t| | ||
| 008 | 070214s1970 sp r ||||1| spa d | ||
| 100 | 1 |
_aSánchez G., Cándido. _9102650 |
|
| 245 | 1 | 0 |
_aPeñas abajo _b: relatos / _cCándido Sánchez G. |
| 260 |
_aOviedo : _b[s. n.], _c1970 ( _fGráf. Summa) |
||
| 300 |
_a201 p. ; _c19 cm. |
||
| 852 |
_aES-MaACL _jC-40042 _bR.75627 |
||
| 999 |
_c137971 _d137971 |
||